Loading...
Fine Arts - Classical Music | 0 | 6 | 3 | 0 | 45 | 58 | 79.67 | 5 | 6 |
Social Science | 0 | 3 | 0 | 1 | 30 | 107 | 112.00 | 1 | 3 |
Mythology | 0 | 3 | 1 | 1 | 25 | 94 | 119.67 | 0 | 3 |
History - Other History | 0 | 2 | 0 | 2 | 20 | 120 | 124.50 | 1 | 2 |
History - American History | 0 | 2 | 0 | 0 | 20 | 89 | 92.00 | 1 | 2 |
Philosophy | 0 | 1 | 0 | 0 | 10 | 130 | 130.00 | 0 | 1 |
Literature - European Literature | 0 | 1 | 0 | 1 | 10 | 135 | 135.00 | 1 | 1 |
Pop Culture | 0 | 1 | 0 | 1 | 10 | 83 | 83.00 | 0 | 1 |
History - European History | 0 | 1 | 1 | 0 | 5 | 38 | 38.00 | 1 | 1 |
Fine Arts - Other Fine Arts | 0 | 1 | 2 | 0 | 0 | 97 | 97.00 | 1 | 1 |
Literature - World Literature | 0 | 0 | 0 | 0 | 0 | 0.00 | 0 | 0 | |
Fine Arts - Painting and Sculpture | 0 | 1 | 2 | 1 | 0 | 139 | 139.00 | 1 | 1 |
Science - Other Science | 0 | 0 | 1 | 0 | -5 | 0.00 | 0 | 0 |